000
00300nam a2200121Ia 4500
008
220216s9999 xx 000 0 und d
100
_a
Ouseph T.
245
2
_a
A benign budget for rubber industry
260
_b
Rubber Asia
_c
1996
300
_a
63-64
650
_a
Indian rubber industry
942
_c
BS
999
_c
51586
_d
51586